| Tag |
First Indicator |
Second Indicator |
Subfields |
| LEADER |
00000cam a2200000 a 4500 |
| 001 |
in00000073961 |
| 005 |
20151008060116.0 |
| 008 |
730705s1946 nyubcf 00010 engm |
| 010 |
|
|
|a 46005521
|
| 035 |
|
|
|a (OCoLC)00651873
|
| 035 |
|
|
|9 AAJ5117AM
|
| 040 |
|
|
|a DLC
|c KSU
|d SER
|d TXA
|d UtOrBLW
|
| 043 |
|
|
|a u-nz---
|
| 049 |
|
|
|a TXAM
|c [933209]
|
| 050 |
0 |
0 |
|a DU423
|b .Z5
|
| 082 |
0 |
|
|a 919.31
|
| 100 |
1 |
|
|a Zimmerman, John Lee,
|d 1905-
|
| 245 |
1 |
0 |
|a Where the people sing :
|b green land of the Maoris /
|c by John Lee Zimmerman.
|
| 264 |
|
1 |
|a New York :
|b A.A. Knopf,
|c 1946.
|
| 300 |
|
|
|a ix, 234 pages, 7 unnumbered leaves of plates :
|b map, portraits ;
|c 22 cm.
|
| 336 |
|
|
|a text
|b txt
|2 rdacontent
|
| 337 |
|
|
|a unmediated
|b n
|2 rdamedia
|
| 338 |
|
|
|a volume
|b nc
|2 rdacarrier
|
| 500 |
|
|
|a "A Borzoi book."
|
| 500 |
|
|
|a 1st edition.
|
| 650 |
|
0 |
|a Maori (New Zealand people)
|
| 650 |
|
0 |
|a World War, 1939-1945
|v Personal narratives, American.
|
| 651 |
|
0 |
|a New Zealand
|x Description and travel.
|
| 999 |
|
|
|a MARS
|
| 999 |
f |
f |
|s 0aa52556-26f8-3574-ba0a-460aa6c0df98
|i 6b1f6460-f1f1-3b8c-8304-25091f6864bb
|t 0
|
| 952 |
f |
f |
|p ric
|a Texas A&M University
|b Rellis Campus
|c Joint Library Facility
|d Remote Storage
|t 0
|e DU423 .Z5
|h Library of Congress classification
|i unmediated -- volume
|m A14806103798
|
| 998 |
f |
f |
|a DU423 .Z5
|t 0
|l Remote Storage
|